Marco geológico e hidrogeológico de la Cueva Negra (Record no. 615741)
[ view plain ]
| 000 -CABECERA | |
|---|---|
| Campo de control de longitud fija | 00535nab a2200157Ia 4500 |
| 003 - IDENTIFICADOR DEL NÚMERO DE CONTROL | |
| Campo de control | ES-SlBCS |
| 005 - FECHA Y HORA DE LA ÚLTIMA TRANSACCIÓN | |
| Campo de control | 20210601134636.0 |
| 008 - CÓDIGOS DE INFORMACIÓN DE LONGITUD FIJA | |
| Campo de control de longitud fija | 140529s1987 xxu||||| |||| 00| 0 spa d |
| 041 ## - CÓDIGO DE LENGUA | |
| Código de lengua del texto/banda sonora o título independiente | spa |
| 100 1# - PUNTO DE ACCESO PRINCIPAL-NOMBRE DE PERSONA | |
| Nombre de persona | Fábregas González, Javier |
| 9 (RLIN) | 220935 |
| 245 00 - MENCIÓN DE TÍTULO | |
| Título | Marco geológico e hidrogeológico de la Cueva Negra |
| Mención de responsabilidad, etc. | Javier Fábregas González, Melchor Senent Alonso |
| 651 #4 - PUNTO DE ACCESO ADICIONAL DE MATERIA-NOMBRE GEOGRÁFICO | |
| Nombre geográfico | Cueva Negra |
| 9 (RLIN) | 220668 |
| 700 1# - PUNTO DE ACCESO ADICIONAL-NOMBRE DE PERSONA | |
| Nombre de persona | Senent Alonso, Melchor |
| 9 (RLIN) | 220663 |
| 773 0# - ENLACE AL DOCUMENTO FUENTE | |
| Título | Antigüedad y Cristianismo |
| Parte(s) relacionada(s) | nº. 4, 1987, págs. 47-56 |
| Número de control del registro relacionado | Rev1032 |
| 942 ## - ENTRADA DE ELEMENTOS AGREGADOS (KOHA) | |
| Koha [por defecto] tipo de item | Artículos de revista |
| Suprimido | Perdido | Estropeado | No para préstamo | Localización permanente | Localización actual | Localización en estantería | Fecha adquisición | Préstamos totales | Fecha última consulta | Fecha del precio de reemplazo | Tipo de item de Koha |
|---|---|---|---|---|---|---|---|---|---|---|---|
| San Esteban | San Esteban | Depósito de revistas | 11/07/2014 | 11/07/2014 | 11/07/2014 | Artículos de revista |
